| 000 | 00451cam a2200157ua 4500 | ||
|---|---|---|---|
| 041 |
_aeng _h |
||
| 082 |
_a633.081 _bYEG/FI |
||
| 100 | _aYegna Narayana, Aiyer . | ||
| 245 |
_aField crops of India: with special reference to Mysore / _cYegna Narayana Aiyer. _hTextual Documents |
||
| 250 |
_a4 / _b. |
||
| 260 |
_aBangalore : _bBangalore printing&publishing Ltd , _c1954. |
||
| 300 | _a618 ; . | ||
| 504 | _a | ||
| 942 | _cBK | ||
| 999 |
_c10774 _d10774 |
||